000 00884cam a2200289 i 4500
999 _c3711
_d3711
001 830996
003 OSt
005 20181121112054.0
008 770705s1977 mou b 000 0 eng
010 _a 77010155
020 _a0570076803 :
_c$1.25
040 _aDLC
_cDLC
_dDLC
043 _an-us---
050 0 0 _aBX8645
_b.K28
082 0 0 _a230.93
_bK13H
100 1 _aKaiser, Edgar P.
245 1 0 _aHow to respond to ... the Latter Day Saints /
_cEdgar P. Kaiser.
260 _aSt. Louis :
_bConcordia Pub. House,
_cc1977.
300 _a40 p. ;
_c23 cm.
490 0 _aThe Response series
504 _aBibliography: p. 40.
610 2 0 _aChurch of Jesus Christ of Latter-Day Saints
_xControversial literature.
650 0 _aMormon Church
_xControversial literature.
740 _aLatter-Day Saints.
906 _a7
_bcbc
_corignew
_d1
_eocip
_f19
_gy-gencatlg
942 _2ddc
_cBK